000 00290nam a22001337a 4500
008 170718b xxu||||| |||| 00| 0 eng d
020 _a9780230607545
041 _aeng
080 _a2
100 _a24
101 _aTEO
245 _aENGAGING THE MUSLIM WORLD
_cCOLE, J
942 _2udc
_cBK
999 _c21472
_d21472